REVIEW OF PREVENTIVE & SOCIAL MEDICINE (Record no. 18751)

MARC details
000 -LEADER
fixed length control field 00366nam a22001577a 4500
003 - CONTROL NUMBER IDENTIFIER
control field SGT
020 ## - INTERNATIONAL STANDARD BOOK NUMBER
International Standard Book Number 978-93-5270-936-6
082 ## - DEWEY DECIMAL CLASSIFICATION NUMBER
Classification number 614.44
Item number R19J
100 ## - MAIN ENTRY--PERSONAL NAME
Personal name JAIN, VIVEK
245 ## - TITLE STATEMENT
Title REVIEW OF PREVENTIVE & SOCIAL MEDICINE
250 ## - EDITION STATEMENT
Edition statement 11TH
260 ## - PUBLICATION, DISTRIBUTION, ETC. (IMPRINT)
Place of publication, distribution, etc INDIA
Name of publisher, distributor, etc JAYPEE PUB
Year of Publication 2019
300 ## - PAGE DESCRIPTION
No. of Pages 815
650 ## - SUBJECT ADDED ENTRY--TOPICAL TERM
Topical term or geographic name as entry element COMMUNITY MEDICINE
942 ## - ADDED ENTRY ELEMENTS (KOHA)
Source of classification or shelving scheme Dewey Decimal Classification
Koha item type Books
942 ## - ADDED ENTRY ELEMENTS (KOHA)
-- 108
Holdings
Withdrawn status Lost status Source of classification or shelving scheme Damaged status Not for loan Collection code Home library Current library Shelving location Date acquired Vendor Name Cost, normal purchase price SGTU Bill Number Total Checkouts Full call number Accession No. (Barcode) Date last seen Date last borrowed Bill Date Koha item type Checked out
    Dewey Decimal Classification     MEDICAL SGT Medical Library SGT Medical Library Text Book 05/08/2019 ABC DELHI 1195.00 SGTU 11141 33 614.44 R19J FM11716 22/09/2025 11/09/2025 03/07/2019 Books  
    Dewey Decimal Classification     MEDICAL SGT Medical Library SGT Medical Library Text Book 05/08/2019 ABC DELHI 1195.00 SGTU 11141 35 614.44 R19J FM11717 03/10/2025 15/09/2025 03/07/2019 Books  
    Dewey Decimal Classification     MEDICAL SGT Medical Library SGT Medical Library Text Book 05/08/2019 ABC DELHI 1195.00 SGTU 11141 23 614.44 R19J FM11718 19/12/2025 05/12/2025 03/07/2019 Books  
    Dewey Decimal Classification     MEDICAL SGT Medical Library SGT Medical Library Text Book 05/08/2019 ABC DELHI 1195.00 SGTU 11141 25 614.44 R19J FM11719 04/12/2024 04/12/2024 03/07/2019 Books 18/12/2024
    Dewey Decimal Classification     MEDICAL SGT Medical Library SGT Medical Library Text Book 05/08/2019 ABC DELHI 1195.00 SGTU 11141 36 614.44 R19J FM11720 04/10/2025 30/09/2025 03/07/2019 Books